00633 2200217 4500001002100000005001500021035002000036007000300056008004100059020002200100082000800122084001400130100002000144245012000164250000900284260003700293300002900330650001600359504002900375990001100404INLIS00000000000256120181210113028 a0010-1218000120ta181210 g 0 ind  a978-979-756-937-2 a306 a306 HIK i0 aHIKMATUL, AKbar1 aIntegrasi Etnis Muslim Hui di cina :bStudy tentang Nasionalisme,identitas dan integrasi politik /cHIKMATUL, AKbar aed.1 aYogyakarata :bgraha ilmu,c2013 ax,90 hlm ;c15,5 x 23 cm aANTROPOLOGI aBIBLIOGRAFI, hlm 81 - 85 a14 827